| 000 | 09383nam a22006977a 4500 | ||
|---|---|---|---|
| 005 | 20081117102341.0 | ||
| 008 | 081117t xxu||||| |||| 00| 0 eng d | ||
| 010 | _aB-274587-623 | ||
| 020 |
_a9788189866457 _c145.00 |
||
| 035 | _aB-274587-623 | ||
| 037 | _aI.K./2008/CRB/0000445/6.06.08/58/16.5.08/20.6.08 | ||
| 040 |
_adpl _bEnglish |
||
| 082 | _a612.015024613 | ||
| 100 | _aAshok Kumar J. | ||
| 245 |
_aTextbook of biochemistry for nurses / _cby Ashok Kumar J. |
||
| 260 |
_aNew Delhi _bI.K. International Publishing House _c2007 |
||
| 270 |
_aS-25, Green Park Extension, Uphaar Cinema Market, _bNew Delhi _e110016 |
||
| 300 |
_axii, 235p.: _c24cm (pbk) _bill. |
||
| 500 | _aIncluses index | ||
| 942 |
_2ddc _cEN _mASH _h612.015024613 |
||
| 999 |
_c18456 _d18456 |
||